| 000 | 00419nmm a2200145Ia 4500 | ||
|---|---|---|---|
| 008 | 251105s9999||||xx |||||||||||||||||und|| | ||
| 041 | _aspa | ||
| 100 | _aBastante Liebana, Jesus | ||
| 245 | 0 | _aY resucité entre los muertos | |
| 264 |
_a[Madrid, España] : _bEdiciones B, _c2012 |
||
| 300 | _a208 páginas | ||
| 650 | _aHistorical fiction | ||
| 856 | _uhttps://public.digitaliapublishing.com/a/52976 | ||
| 942 | _cCF | ||
| 999 |
_c104546 _d104546 |
||